Human Capital Index - Top 25 Nations - Statistics

General Stats
  • This quiz has been taken 41 times
  • The average score is 23 of 25
Answer Stats
rank hint Country name score % Correct
10 B Belgium 81.59
100%
9 C Canada 81.95
100%
7 D Denmark 82.47
100%
1 F Finland 85.86
100%
17 F France 80.32
100%
14 I Ireland 80.79
100%
4 J Japan 83.44
100%
8 N Netherlands 82.18
100%
2 N Norway 84.64
100%
5 S Sweden 83.29
100%
24 U United States 78.86
100%
18 A Australia 80.08
97%
12 A Austria 81.52
97%
11 G Germany 81.55
97%
3 S Switzerland 84.61
97%
19 U United Kingdom 80.04
97%
15 E Estonia 80.63
95%
20 I Iceland 79.74
95%
22 L Luxembourg 79.28
92%
6 N New Zealand 82.79
92%
13 S Singapore 80.94
92%
21 L Lithuania 79.34
87%
23 I Israel 78.99
76%
16 S Slovenia 80.33
61%
25 C Czech Republic 78.45
53%
No matching quizzes found
Score Distribution
Percent of People with Each Score
Percentile by Number Answered
Your Score History
You have not taken this quiz